000 00180nam a2200085Ia 4500
008 180219s9999 xx 000 0 und d
100 _aSingh R P
245 0 _aSaririk Shikasa
260 _aR Lal
260 _c2013
999 _c42487
_d42487